000 00868nam a2200265 a 4500
003 AR-BaBNM
005 20251128202811.0
008 082120s2002 ||||||||||||||000 | spa||
040 _cAR-BaBNM
110 2 _aInstituto de Historia Argentina Doctor Emilio Ravignani [Universidad de Buenos Aires]
245 0 0 _aArchivo del Brigadier General Juan Facundo Quiroga [1821-1822]
_n2
260 _aBuenos Aires
_bFacultad de FilosofĂ­a y Letras
_c1957
300 _a281 p.
490 0 _aDocumentos para la historia argentina
_vv. 27
650 4 _aCAUDILLOS ARGENTINOS
650 4 _aHISTORIA POLITICA
650 4 _aHISTORIA SOCIAL
650 4 _aHISTORIA ECONOMICA
650 4 _aINDEPENDENCIA ARGENTINA
650 4 _aGUERRAS CIVILES ARGENTINAS
650 4 _aANARQUIA DE 1820
800 1 _aCaillet-Bois, Ricardo Rodolfo
_edirector
942 _cBK
998 _cmariana
999 _c631
_d631